00890nam a2200253 4500003001100000005001700011008004100028020001500069040003900084041000800123082001600131100002300147245009300170260005200263300004900315490002000364650004400384650004000428650003500468700002000503942000700523952009100530999001500621LK-CoMWRAF20231211104302.0231211b1995 |||||||| |||| 00| 0 eng d a9559052446 aLK-CoMWRAFdLK-CoMWRAFeLK-CoMWRAF aeng a341.75bJAY aJayaweera, Swarna  aAddressing poverty reduction and women in development through human resource development a[Colombo];bCentre for Women's Research, c1995 a135, [49] p. ; 26 cm.bBibliography included aStudy seriesv9 aEconomic assistance, Domestic Sri Lanka aPoverty Government policy Sri Lanka aWomen in development Sri Lanka aSanmugam, Thana cBK 00104070aMAINbMAINd2023-12-11l0o341.75 JAYpRAF4512r2023-12-11w2023-12-11yBK c4341d4341